[Event "71. C.to Provinciale VE"]
[Site "Mestre Capablanca ITA"]
[Date "2011.01.15"]
[Round "2.7"]
[White "Gaion, Giancarlo"]
[Black "Penzo, Amleto"]
[Result "1/2-1/2"]
[WhiteElo "1914"]
[BlackElo "1790"]
[Annotator "Gabriele Ballarin"]
[PlyCount "121"]
[EventDate "2011.01.14"]
[EventType "swiss"]
[EventRounds "5"]
[EventCountry "ITA"]

1. Nf3 Nf6 2. d4 g6 3. c4 Bg7 4. Nc3 d6 5. e4 O-O 6. Be2 Nbd7 7. O-O e5 8. Bg5 exd4 9. Nxd4 h6 10. Bh4 a6 11. a4 Qe8 12. f3 g5 13. Bg3 Nh5 14. Nd5 Qd8 15. Bf2 c6 16. Ne3 Ne5 17. Ndf5 Bxf5 18. Nxf5 Nf4 19. Be3 Nxe2+ 20. Qxe2 Ng6 21. Rfd1 Be5 22. Nxh6+ Kh7 23. Nf5 Qf6 24. g3 Ne7 25. Nxe7 Qxe7 26. f4 gxf4 27. Qh5+ Kg8 28. Qg4+ Kh7 29. Bxf4 Bxf4 30. Qxf4 Qe5 31. Rxd6 Qxb2 32. Rad1 Qg7 33. Rd7 Rab8 34. e5 Rbe8 35. Re1 Kh8 36. Re4 b5 37. cxb5 cxb5 38. axb5 axb5 39. Qh4+ Qh7 40. Qf6+ Qg7 41. Qf5 Re6 42. Rb7 Rg6 43. Kg2 Rg5 44. Qf4 Qg6 45. Rxb5 Rh5 46. Rb7 Qc6 47. Qf6+ Qxf6 48. exf6 Kh7 49. g4 Rc5 50. Kg3 Kg6 51. h4 Kxf6 52. Kf4 Rc1 53. Rb6+ Kg7 54. h5 Rf1+ 55. Kg5 f6+ 56. Kh4 f5 57. Rg6+ Kh8 58. Re7 fxg4 59. Rgg7 Rh1+ 60. Kg5 Rg8 61. Rxg8+ 1/2-1/2

[Event "71. C.to Provinciale VE"]
[Site "Mestre Capablanca ITA"]
[Date "2011.01.15"]
[Round "2.8"]
[White "Gabassi, Cristina"]
[Black "Bortolussi, Francesco"]
[Result "0-1"]
[WhiteElo "1628"]
[BlackElo "1753"]
[Annotator "Gabriele Ballarin"]
[PlyCount "90"]
[EventDate "2011.01.14"]
[EventType "swiss"]
[EventRounds "5"]
[EventCountry "ITA"]

1. e4 c5 2. Nc3 d6 3. Bb5+ Bd7 4. Bxd7+ Qxd7 5. f4 Nc6 6. Nf3 e6 7. O-O Nf6 8. d3 Be7 9. h3 O-O 10. Ng5 h6 11. Nf3 a6 12. Nh2 Qc7 13. Ne2 d5 14. Ng3 Rad8 15. e5 Nd7 16. Nh5 Kh7 17. Be3 d4 18. Bd2 Nb6 19. Qf3 Qd7 20. Qg4 Rg8 21. Rae1 Nd5 22. a3 g6 23. Ng3 b5 24. h4 c4 25. Rf3 c3 26. bxc3 dxc3 27. Bc1 Bc5+ 28. Kh1 Nd4 29. Rf2 Nb3 30. Rfe2 Nxc1 31. Rxc1 Bxa3 32. Ra1 b4 33. Ne4 a5 34. Nf1 Qa7 35. Qg3 Kg7 36. Ne3 Nxe3 37. Rxe3 Bb2 38. Rb1 a4 39. Nd6 a3 40. Nb5 Qb6 41. Nxa3 bxa3 42. Ree1 a2 43. Rbd1 Ra8 44. f5 a1=Q 45. fxg6 fxg6 0-1

[Event "71. C.to Provinciale VE"]
[Site "Mestre Capablanca ITA"]
[Date "2011.01.15"]
[Round "2.9"]
[White "Loris, Stefano"]
[Black "Pomponio, Stefano"]
[Result "1-0"]
[WhiteElo "1694"]
[BlackElo "1525"]
[Annotator "Gabriele Ballarin"]
[PlyCount "107"]
[EventDate "2011.01.14"]
[EventType "swiss"]
[EventRounds "5"]
[EventCountry "ITA"]

1. d4 g6 2. c4 Bg7 3. Nc3 d6 4. e3 Nf6 5. Bd3 O-O 6. Nge2 Nbd7 7. O-O e5 8. Re1 Re8 9. Ng3 b6 10. a4 Bb7 11. d5 Nc5 12. Bc2 a5 13. e4 Qd7 14. Be3 Ng4 15. Bxc5 bxc5 16. h3 Nh6 17. Bd3 c6 18. Qc2 cxd5 19. cxd5 Re7 20. Rac1 Ba6 21. Bb5 Bxb5 22. Nxb5 Rf8 23. Nf1 f5 24. Nd2 f4 25. f3 g5 26. Nc4 Nf7 27. Nxa5 h5 28. Nc6 Ree8 29. Qe2 Nd8 30. Red1 Nxc6 31. dxc6 Qxc6 32. Rxd6 Qc8 33. Qc4+ Kh8 34. Rcd1 Rd8 35. R1d5 Rxd6 36. Nxd6 Qd7 37. b3 g4 38. hxg4 hxg4 39. Nf5 Qf7 40. fxg4 Rg8 41. Rxc5 Qa7 42. Kh2 Bf8 43. Rc6 Qh7+ 44. Kg1 Rxg4 45. Qe6 Rg6 46. Qxg6 Bc5+ 47. Kf1 Qh1+ 48. Ke2 f3+ 49. Kxf3 Qf1+ 50. Kg4 Qf4+ 51. Kh5 Qh2+ 52. Kg5 Qf4+ 53. Kf6 Be7+ 54. Kxe7 1-0

[Event "71. C.to Provinciale VE"]
[Site "Mestre Capablanca ITA"]
[Date "2011.01.15"]
[Round "2.11"]
[White "Perissotto, Mario"]
[Black "Zanlorenzi, Marco"]
[Result "1/2-1/2"]
[WhiteElo "1652"]
[BlackElo "1444"]
[Annotator "Gabriele Ballarin"]
[PlyCount "98"]
[EventDate "2011.01.14"]
[EventType "swiss"]
[EventRounds "5"]
[EventCountry "ITA"]

1. e4 c5 2. c3 e6 3. d4 cxd4 4. cxd4 d6 5. Nf3 Be7 6. Nc3 Nf6 7. Bc4 Nc6 8. O-O O-O 9. a3 Nxe4 10. Nxe4 d5 11. Bd3 dxe4 12. Bxe4 Bf6 13. Be3 Ne7 14. Qc2 g6 15. Rac1 Nd5 16. Bh6 Re8 17. Ne5 b6 18. Qc6 Ba6 19. Rfd1 Bxe5 20. dxe5 Qh4 21. Bxd5 exd5 22. Be3 Bc4 23. Bd4 Bb3 24. Rd3 Bc4 25. Rd2 Qf4 26. Rdd1 h5 27. Qf6 Qxf6 28. exf6 b5 29. Rc3 Ba2 30. b3 a5 31. Kf1 a4 32. b4 Bc4+ 33. Kg1 Re2 34. Re3 Re8 35. g3 R8xe3 36. Bxe3 Kf8 37. Kg2 Ke8 38. Kf3 Kd7 39. Rxd5+ Bxd5+ 40. Kxe2 Ke6 41. Bd4 Kf5 42. f3 g5 43. Kf2 g4 44. fxg4+ Kxg4 45. h4 Bc4 46. Be5 Kf5 47. Bc3 Kg4 48. Bd2 Kf5 49. Bg5 Kg4 1/2-1/2

[Event "71. C.to Provinciale VE"]
[Site "Mestre Capablanca ITA"]
[Date "2011.01.15"]
[Round "3.1"]
[White "Cedriano, Filippo"]
[Black "Velluti, Alberto"]
[Result "1-0"]
[WhiteElo "2014"]
[BlackElo "1924"]
[Annotator "Gabriele Ballarin"]
[PlyCount "79"]
[EventDate "2011.01.14"]
[EventType "swiss"]
[EventRounds "5"]
[EventCountry "ITA"]

1. e4 c6 2. d3 d5 3. Nd2 e5 4. Ngf3 Bd6 5. d4 exd4 6. Nxd4 Nf6 7. exd5 Nxd5 8. Nc4 Bb4+ 9. Bd2 O-O 10. Bxb4 Nxb4 11. c3 Nd5 12. Be2 Nf4 13. O-O Qg5 14. g3 Bh3 15. Re1 Nd7 16. Bf1 Bxf1 17. Nf3 Qc5 18. Rxf1 Qxc4 19. Qxd7 Ne2+ 20. Kg2 Rfd8 21. Qf5 Rd5 22. Ne5 Rf8 23. Qxf7+ Rxf7 24. Nxc4 b5 25. Ne3 Rd2 26. Rab1 Re7 27. Rfd1 Nxc3 28. Rxd2 Nxb1 29. Rd1 Na3 30. bxa3 c5 31. Kf3 Kf7 32. Rd5 Rc7 33. Ke4 a6 34. Rd6 a5 35. Kd5 c4 36. Kd4 b4 37. axb4 axb4 38. Nxc4 Ra7 39. Ne5+ Ke8 40. Rd8+ 1-0

[Event "71. C.to Provinciale VE"]
[Site "Mestre Capablanca ITA"]
[Date "2011.01.15"]
[Round "3.2"]
[White "Aprile, Martino"]
[Black "Bortolussi, Andrea"]
[Result "1/2-1/2"]
[WhiteElo "1874"]
[BlackElo "1954"]
[Annotator "Gabriele Ballarin"]
[PlyCount "110"]
[EventDate "2011.01.14"]
[EventType "swiss"]
[EventRounds "5"]
[EventCountry "ITA"]

1. Nf3 Nf6 2. d4 d5 3. Bf4 c6 4. e3 Bf5 5. Bd3 Bg6 6. c3 Nbd7 7. Qc2 Bxd3 8. Qxd3 Nh5 9. Bg3 g6 10. Nbd2 Bg7 11. e4 Nxg3 12. hxg3 dxe4 13. Nxe4 Nf6 14. Nxf6+ Bxf6 15. O-O-O Qa5 16. Kb1 O-O-O 17. Qe4 Qd5 18. Qxd5 Rxd5 19. Kc2 e5 20. dxe5 Rxd1 21. Rxd1 Bg7 22. Re1 Re8 23. Kd2 Kd7 24. Kd3 h6 25. Re4 Re7 26. g4 Kc7 27. Ke3 g5 28. g3 c5 29. b4 b6 30. a4 Kd7 31. a5 Kc6 32. axb6 axb6 {=} 33. bxc5 bxc5 34. Kd3 Rd7+ 35. Kc4 Ra7 36. Ne1 Ra4+ 37. Kd3 Ra3 38. Nc2 Ra2 39. f4 Ra7 40. Ne3 Rd7+ 41. Ke2 Ra7 42. c4 Ra2+ 43. Kf3 Ra3 44. Kg2 Ra2+ 45. Kh3 Re2 46. f5 Kd7 47. e6+ fxe6 48. fxe6+ Ke8 49. Nf5 Rxe4 50. Nd6+ Ke7 51. Nxe4 Bd4 52. Kg2 Kxe6 53. Kf3 Ke5 54. Nd2 Bb2 55. Nb3 Bd4 1/2-1/2

[Event "71. C.to Provinciale VE"]
[Site "Mestre Capablanca ITA"]
[Date "2011.11.15"]
[Round "3.3"]
[White "Biagioli, Valerio"]
[Black "Maccapan, Fabio"]
[Result "0-1"]
[WhiteElo "1930"]
[BlackElo "2024"]
[Annotator "Gabriele Ballarin"]
[PlyCount "60"]
[EventDate "2011.01.14"]
[EventType "swiss"]
[EventRounds "5"]
[EventCountry "ITA"]

1. d4 d5 2. c4 e6 3. Nc3 c5 4. cxd5 exd5 5. e3 Nf6 6. Bb5+ Nc6 7. Nf3 cxd4 8. Nxd4 Bd7 9. a3 Bd6 10. h3 O-O 11. O-O a6 12. Bd3 Rc8 13. Qf3 Ne5 14. Qe2 Nxd3 15. Qxd3 Be6 16. Bd2 Bb8 17. Nf3 Qd7 18. Ne2 Ne4 19. Bb4 Rfe8 20. Rac1 h6 21. Nfd4 Rxc1 22. Rxc1 Bxh3 23. f3 Ng5 24. gxh3 Qxh3 25. Qf5 Qh2+ 26. Kf1 Qh1+ 27. Ng1 Bh2 28. Nde2 g6 29. Qg4 Rxe3 30. Qg2 Rxf3+ 0-1

[Event "71. C.to Provinciale VE"]
[Site "Mestre Capablanca ITA"]
[Date "2011.11.15"]
[Round "3.4"]
[White "Fracasso Pezzolato, Michele"]
[Black "Visentin, Ruggero"]
[Result "1-0"]
[WhiteElo "1825"]
[BlackElo "1634"]
[Annotator "Gabriele Ballarin"]
[PlyCount "33"]
[EventDate "2011.01.14"]
[EventType "swiss"]
[EventRounds "5"]
[EventCountry "ITA"]

1. e4 c5 2. Nf3 d6 3. c3 a6 4. d4 cxd4 5. cxd4 Nf6 6. Nc3 e6 7. a4 Be7 8. Bd3 Nc6 9. O-O Bd7 10. d5 Ne5 11. Bc2 Nxf3+ 12. Qxf3 e5 13. a5 O-O 14. Be3 Bg4 15. Qg3 Qc8 16. f3 Nh5 17. Qxg4 1-0

[Event "71. C.to Provinciale VE"]
[Site "Mestre Capablanca ITA"]
[Date "2011.11.15"]
[Round "3.6"]
[White "Penzo, Amleto"]
[Black "Civitareale, Alberto"]
[Result "1-0"]
[WhiteElo "1790"]
[BlackElo "1619"]
[Annotator "Gabriele Ballarin"]
[PlyCount "145"]
[EventDate "2011.01.14"]
[EventType "swiss"]
[EventRounds "5"]
[EventCountry "ITA"]

1. d4 d5 2. Nf3 e6 3. e3 Nf6 4. Bd3 Be7 5. O-O O-O 6. b3 b6 7. Bb2 Bb7 8. Nbd2 Nbd7 9. Ne5 Nxe5 10. dxe5 Nd7 11. f4 f6 12. Qh5 f5 13. Nf3 Qe8 14. Qh3 Qg6 15. c4 Nc5 16. Bc2 dxc4 17. bxc4 Rad8 18. Nd4 a6 19. Ba3 Rfe8 20. Rfe1 Ne4 21. Bxe7 Rxe7 22. Ba4 c5 23. Nc6 Bxc6 24. Bxc6 Rc7 25. Bxe4 fxe4 26. Rab1 Rb7 27. Re2 b5 28. cxb5 axb5 29. Reb2 b4 30. g3 h5 31. Qf1 Rd3 32. Qc1 Rd5 33. a3 h4 34. Rg2 h3 35. Rgb2 Qg4 36. Qf1 Rd3 37. axb4 Rbd7 38. Qe2 Rd1+ 39. Kf2 Qxe2+ 40. Kxe2 Rxb1 41. Rxb1 cxb4 42. Rxb4 Ra7 43. Rb2 Ra3 44. Kf2 Ra1 45. g4 Rh1 46. Kg3 Rf1 47. Re2 Rf3+ 48. Kh4 Kh7 49. Kg5 Kg8 50. Kg6 Kf8 51. f5 exf5 52. gxf5 Rf1 53. Kg5 Rg1+ 54. Kf4 Rg2 55. Re1 Rf2+ 56. Kxe4 Rxh2 57. Kf3 Ra2 58. Rh1 h2 59. Kg3 Ra3 60. Rxh2 Rxe3+ 61. Kf4 Ra3 62. Rg2 Ra4+ 63. Kg5 Re4 64. e6 Rb4 65. Kg6 Rb5 66. Rc2 Rb1 67. Rc8+ Ke7 68. Rc7+ Kf8 69. e7+ Ke8 70. Kxg7 Rg1+ 71. Kf6 Re1 72. Rc8+ Kd7 73. Rd8+ 1-0

[Event "71. C.to Provinciale VE"]
[Site "Mestre Capablanca ITA"]
[Date "2011.11.15"]
[Round "3.7"]
[White "Bortolussi, Francesco"]
[Black "Stradiotto, Angelo"]
[Result "1-0"]
[WhiteElo "1753"]
[BlackElo "1473"]
[Annotator "Gabriele Ballarin"]
[PlyCount "79"]
[EventDate "2011.01.14"]
[EventType "swiss"]
[EventRounds "5"]
[EventCountry "ITA"]

1. d4 d5 2. c4 Nf6 3. Nc3 Bf5 4. Qb3 b6 5. cxd5 e6 6. dxe6 Bxe6 7. Qd1 c5 8. Nf3 Be7 9. e4 cxd4 10. Nxd4 O-O 11. f3 Bc8 12. Be3 Ba6 13. Bxa6 Nxa6 14. Qe2 Nb8 15. O-O Bc5 16. Rfd1 Qe7 17. Kh1 Rc8 18. Nf5 Qf8 19. Bxc5 Rxc5 20. Rd3 Nc6 21. f4 g6 22. e5 Re8 23. Nd6 Re6 24. a3 a5 25. Qd2 Ng4 26. Na4 Qh6 27. Rh3 Rd5 28. Qxd5 Nf2+ 29. Kg1 Nxh3+ 30. gxh3 Ne7 31. Qf3 g5 32. Qg4 Qg7 33. Kf2 b5 34. Nc5 Rxd6 35. exd6 Qxb2+ 36. Qe2 Qd4+ 37. Qe3 Qb2+ 38. Kf3 gxf4 39. dxe7 fxe3 40. Rg1+ 1-0

[Event "71. C.to Provinciale VE"]
[Site "Mestre Capablanca ITA"]
[Date "2011.11.15"]
[Round "3.8"]
[White "Zanlorenzi, Marco"]
[Black "Dei Rossi, Davide"]
[Result "1-0"]
[WhiteElo "1444"]
[BlackElo "1486"]
[Annotator "Gabriele Ballarin"]
[PlyCount "105"]
[EventDate "2011.01.14"]
[EventType "swiss"]
[EventRounds "5"]
[EventCountry "ITA"]

1. e4 c5 2. Nf3 Nc6 3. d4 cxd4 4. Nxd4 d6 5. Nc3 g6 6. Be3 Bd7 7. Nxc6 Bxc6 8. Bd4 e5 9. Be3 Bg7 10. Nd5 Ne7 11. Bg5 Bxd5 12. Qxd5 f6 13. Qb5+ Qd7 14. Qxd7+ Kxd7 15. Be3 Nc6 16. c3 Rhd8 17. Bd3 Ne7 18. f3 Ke8 19. O-O d5 20. Rfd1 d4 21. Bb5+ Kf8 22. cxd4 a6 23. Ba4 exd4 24. Bxd4 b5 25. Bb3 a5 26. a3 a4 27. Ba2 Rdc8 28. Bc3 Rc7 29. Rac1 Rac8 30. Be6 Bh6 31. Bxc8 Bxc1 32. Be6 Be3+ 33. Kf1 Ke8 34. Bxf6 Rc1 35. Rxc1 Bxc1 36. Ke2 Nc6 37. Bc3 Ke7 38. Bd5 Kd7 39. Bxc6+ Kxc6 40. g3 Bg5 41. f4 Be7 42. Kf3 Kd7 43. g4 Kc6 44. Kg3 b4 45. axb4 Kb5 46. f5 gxf5 47. gxf5 Bxb4 48. Be5 Kc4 49. Kf4 Kd3 50. f6 Bf8 51. Kf5 Bc5 52. f7 Bf8 53. Bc3 1-0

[Event "71. C.to Provinciale VE"]
[Site "Mestre Capablanca ITA"]
[Date "2011.11.15"]
[Round "3.9"]
[White "Cecchetto, Vanni"]
[Black "Gaion, Giancarlo"]
[Result "0-1"]
[WhiteElo "1930"]
[BlackElo "1914"]
[Annotator "Gabriele Ballarin"]
[PlyCount "108"]
[EventDate "2011.01.14"]
[EventType "swiss"]
[EventRounds "5"]
[EventCountry "ITA"]

1. d4 d5 2. Nf3 e6 3. e3 f5 4. c4 c6 5. c5 b6 6. Be2 bxc5 7. O-O Nf6 8. Nbd2 Ba6 9. Bxa6 Nxa6 10. Qa4 Qb6 11. Ne5 Rc8 12. Nb3 Bd6 13. dxc5 Nxc5 14. Nxc5 Qxc5 15. Nd3 Qb6 16. Bd2 O-O 17. Rac1 Ne4 18. Ba5 Qb5 19. Qxb5 cxb5 20. Nf4 Kf7 21. h3 Be5 22. Nd3 Bd6 23. Rcd1 Rc2 24. f3 Ng3 25. Rfe1 Rc6 26. Nb4 Rc4 27. Nxd5 exd5 28. Rxd5 Bb4 29. Bxb4 Rxb4 30. Kh2 Nh5 31. Rxf5+ Nf6 32. b3 Rd8 33. Rb1 Rd3 34. Rc5 Rxe3 35. Rbc1 a5 36. Rc7+ Re7 37. R7c5 Re2 38. Rc7+ Kg6 39. Ra7 Rxa2 40. Rcc7 Rxb3 41. Rxg7+ Kf5 42. Rac7 Re3 43. h4 b4 44. Rc5+ Ke6 45. Ra7 Rd3 46. Rcc7 Nd7 47. Rc8 b3 48. Re8+ Kf7 49. Rh8 b2 50. Rxh7+ Kg6 51. Re7 b1=Q 52. Ra6+ Nf6 53. h5+ Kf5 54. Kh3 Qf1 0-1

[Event "71. C.to Provinciale VE"]
[Site "Mestre Capablanca ITA"]
[Date "2011.11.15"]
[Round "3.10"]
[White "Pasqualetto, Lorenzo"]
[Black "Perissotto, Mario"]
[Result "0-1"]
[WhiteElo "1691"]
[BlackElo "1652"]
[Annotator "Gabriele Ballarin"]
[PlyCount "104"]
[EventDate "2011.01.14"]
[EventType "swiss"]
[EventRounds "5"]
[EventCountry "ITA"]

1. e4 c5 2. Nf3 e6 3. d4 cxd4 4. Nxd4 a6 5. Nc3 Qc7 6. Bd3 Nc6 7. Nb3 Nf6 8. Bg5 Be7 9. Qd2 h6 10. Bf4 d6 11. O-O e5 12. Be3 Be6 13. Be2 Qd7 14. f4 Bg4 15. f5 Bxe2 16. Qxe2 b5 17. Rad1 b4 18. Nd5 Bd8 19. Nb6 Bxb6 20. Bxb6 Qb7 21. Bf2 Rd8 22. Nd2 Ne7 23. Bh4 Qb6+ 24. Kh1 d5 25. exd5 Rxd5 26. Nc4 Qb8 27. Bxf6 gxf6 28. Rxd5 Nxd5 29. Rd1 Nf4 30. Qe4 Ke7 31. Na5 Qc7 32. Qxb4+ Ke8 33. Nc4 Qc6 34. Qb8+ Ke7 35. Qd6+ Qxd6 36. Rxd6 Rc8 37. Rxa6 Rxc4 38. g3 Nd5 39. c3 Re4 40. Ra7+ Kf8 41. Rb7 Re1+ 42. Kg2 Rb1 43. c4 Ne3+ 44. Kf3 Nxc4 45. b4 Nd6 46. Rb8+ Ke7 47. g4 Rb2 48. a4 e4+ 49. Ke3 Rb3+ 50. Ke2 Nc4 51. a5 Rb2+ 52. Ke1 Nxa5 0-1

[Event "71. C.to Provinciale VE"]
[Site "Mestre Capablanca ITA"]
[Date "2011.11.15"]
[Round "3.11"]
[White "Bellon, Antonio"]
[Black "Gabassi, Cristina"]
[Result "1-0"]
[WhiteElo "1533"]
[BlackElo "1628"]
[Annotator "Gabriele Ballarin"]
[PlyCount "107"]
[EventDate "2011.01.14"]
[EventType "swiss"]
[EventRounds "5"]
[EventCountry "ITA"]

1. e4 d5 2. exd5 Qxd5 3. Nc3 Qa5 4. Nf3 Nf6 5. Bc4 Bg4 6. d3 c6 7. O-O e6 8. Re1 Be7 9. Bd2 Qd8 10. Ne4 O-O 11. h3 Bh5 12. Ng3 Bg6 13. Nh4 Nbd7 14. Nxg6 hxg6 15. Bc3 Nb6 16. Bb3 Nbd5 17. Be5 Bd6 18. Qf3 Qc7 19. Bxd6 Qxd6 20. Ne4 Qc7 21. Nxf6+ Nxf6 22. Re3 Nd5 23. Re4 Rae8 24. Rae1 Re7 25. h4 Rfe8 26. c3 b5 27. Qh3 a5 28. Bd1 e5 29. g3 f5 30. R4e2 b4 31. h5 gxh5 32. Qxh5 Qd7 33. f3 bxc3 34. Rh2 Nf6 35. Bb3+ Nd5 36. Qh8+ Kf7 37. Qh5+ Kf8 38. bxc3 Qe6 39. Rhe2 Qf6 40. c4 Nc7 41. Rh2 Rd7 42. f4 Rxd3 43. fxe5 Rxg3+ 44. Kf1 Rxe5 45. Rxe5 Qxe5 46. Qh8+ Kf7 47. c5+ Nd5 48. Qh5+ Kf6 49. Qh4+ Rg5 50. Re2 Qa1+ 51. Re1 Ne3+ 52. Ke2 Qe5 53. Kf3 Ng2 54. Qxg5+ 1-0

[Event "71. C.to Provinciale VE"]
[Site "Mestre Capablanca ITA"]
[Date "2011.11.16"]
[Round "4.1"]
[White "Bortolussi, Andrea"]
[Black "Cedriano, Filippo"]
[Result "1-0"]
[WhiteElo "1954"]
[BlackElo "2014"]
[Annotator "Gabriele Ballarin"]
[PlyCount "113"]
[EventDate "2011.01.14"]
[EventType "swiss"]
[EventRounds "5"]
[EventCountry "ITA"]

1. e4 d6 2. d4 Nf6 3. Nc3 g6 4. f4 Bg7 5. Nf3 O-O 6. Bd3 Nc6 7. Be3 Ng4 8. Bg1 e5 9. Ne2 exd4 10. Nfxd4 Nxd4 11. Nxd4 c5 12. f5 Ne5 13. Nf3 Nxf3+ 14. Qxf3 Bxb2 15. Rd1 Qe7 16. Be3 Re8 17. O-O Bxf5 18. Bxc5 Be6 19. Bf2 Be5 20. a3 Rec8 21. Bg3 Rc3 22. a4 Rac8 23. Be1 Ra3 24. a5 Bc3 25. Bxc3 Rcxc3 26. Ra1 Bc4 27. Qf2 a6 28. Rxa3 Rxa3 29. Bxc4 Rxa5 30. Bxf7+ Kh8 31. Bd5 Rc5 32. c4 b5 33. Qd4+ Qe5 34. Rf8+ Kg7 35. Rg8+ Kh6 36. Qxe5 dxe5 37. cxb5 axb5 38. Re8 b4 39. Rb8 Rc1+ 40. Kf2 Rc2+ 41. Kg3 Rc3+ 42. Kg4 Rc2 43. Kh3 Rb2 44. Rb7 g5 45. Bg8 g4+ 46. Kg3 Re2 47. Rxb4 Kg7 48. Be6 h5 49. h3 gxh3 50. Bxh3 Kf6 51. Kh4 Kg6 52. Rb6+ Kg7 53. Rb4 Kh6 54. g3 Re3 55. Rb6+ Kg7 56. Bf5 Rf3 57. Rg6+ 1-0

[Event "71. C.to Provinciale VE"]
[Site "Mestre Capablanca ITA"]
[Date "2011.11.16"]
[Round "4.2"]
[White "Velluti, Alberto"]
[Black "Aprile, Martino"]
[Result "1-0"]
[WhiteElo "1924"]
[BlackElo "1874"]
[Annotator "Gabriele Ballarin"]
[PlyCount "65"]
[EventDate "2011.01.14"]
[EventType "swiss"]
[EventRounds "5"]
[EventCountry "ITA"]

1. e4 c5 2. Nf3 Nc6 3. d4 cxd4 4. Nxd4 Nf6 5. Nc3 e5 6. Ndb5 d6 7. Bg5 a6 8. Bxf6 gxf6 9. Na3 b5 10. Nd5 Bg7 11. Qh5 Be6 12. Bd3 f5 13. c3 O-O 14. exf5 Bxd5 15. f6 e4 16. fxg7 Re8 17. Qxd5 exd3+ 18. Kf1 Ne5 19. h4 Re6 20. Rh3 Ra7 21. c4 b4 22. Nb1 Rae7 23. Nd2 Qe8 24. Re3 f5 {=} 25. f4 Ng4 26. Rxe6 Rxe6 27. Re1 Kxg7 28. Qxe6 Qa4 29. Qe7+ Kg8 30. Qd8+ Kg7 31. Re7+ Kg6 32. Qg8+ Kf6 33. Qg5# 1-0

[Event "71. C.to Provinciale VE"]
[Site "Mestre Capablanca ITA"]
[Date "2011.11.16"]
[Round "4.3"]
[White "Maccapan, Fabio"]
[Black "Fracasso Pezzolato, Michele"]
[Result "1-0"]
[WhiteElo "2024"]
[BlackElo "1825"]
[Annotator "Gabriele Ballarin"]
[PlyCount "77"]
[EventDate "2011.01.14"]
[EventType "swiss"]
[EventRounds "5"]
[EventCountry "ITA"]

1. d4 Nf6 2. Nf3 e6 3. Nbd2 b6 4. e4 Bb7 5. Bd3 d6 6. O-O Nbd7 7. Re1 Be7 8. c3 O-O 9. h3 e5 10. Nf1 Re8 11. d5 Nc5 12. Bc2 a5 13. b4 axb4 14. cxb4 Ncd7 15. Ne3 c6 16. dxc6 Bxc6 17. Nf5 Nf8 18. a4 Ne6 19. Ba3 b5 20. a5 Bf8 21. Qd2 g6 22. Nh6+ Kg7 23. Ng4 Ng8 24. Ne3 Nf6 25. Nd5 Bxd5 26. exd5 Nc7 27. Bb3 Nh5 28. Rac1 Be7 29. Rc6 f5 30. Bb2 Bf6 31. Rec1 Re7 32. Rb6 e4 33. Bxf6+ Nxf6 34. Ng5 Ra7 35. Rcc6 Nfe8 36. Ne6+ Nxe6 37. dxe6 d5 38. Qd4+ Nf6 39. Rxb5 1-0

[Event "71. C.to Provinciale VE"]
[Site "Mestre Capablanca ITA"]
[Date "2011.11.16"]
[Round "4.4"]
[White "Bortolussi, Francesco"]
[Black "Penzo, Amleto"]
[Result "1/2-1/2"]
[WhiteElo "1753"]
[BlackElo "1790"]
[Annotator "Gabriele Ballarin"]
[PlyCount "57"]
[EventDate "2011.01.14"]
[EventType "swiss"]
[EventRounds "5"]
[EventCountry "ITA"]

1. d4 Nf6 2. c4 g6 3. Nc3 Bg7 4. e4 d6 5. f3 O-O 6. Be3 Nbd7 7. Nge2 c5 8. d5 Ne8 9. Qd2 Qb6 10. h4 h5 11. Bf4 Ne5 12. Nc1 e6 13. Nb3 Qb4 14. Nb5 Qxd2+ 15. Nxd2 exd5 16. cxd5 a6 17. Nc3 Nc7 18. Na4 b5 19. Nb6 Rb8 20. Nxc8 Rfxc8 21. Nb3 b4 22. Rb1 Nb5 23. Na5 Rb6 24. Nc4 Nxc4 25. Bxc4 Nd4 26. Kf2 a5 27. Rhc1 a4 28. Bd3 Kh7 29. Rc4 1/2-1/2

[Event "71. C.to Provinciale VE"]
[Site "Mestre Capablanca ITA"]
[Date "2011.01.16"]
[Round "4.5"]
[White "Perissotto, Mario"]
[Black "Ballarin, Gabriele"]
[Result "1/2-1/2"]
[WhiteElo "1652"]
[BlackElo "1818"]
[Annotator "Gabriele Ballarin"]
[PlyCount "57"]
[EventDate "2011.01.14"]
[EventType "swiss"]
[EventRounds "5"]
[EventCountry "ITA"]

1. e4 d6 2. d4 Nf6 3. Nc3 e5 4. dxe5 dxe5 5. Qxd8+ Kxd8 6. Bg5 Be6 7. O-O-O+ Kc8 8. f3 c6 9. g3 Nbd7 10. Bh3 Bxh3 11. Nxh3 h6 12. Be3 Bc5 13. Bxc5 Nxc5 14. Rd6 Kc7 15. Rhd1 Nd5 16. Nb5+ Kb6 17. exd5 Kxb5 18. dxc6 bxc6 19. Nf2 Rac8 20. Nd3 Nxd3+ 21. R1xd3 Rc7 22. b3 Re8 23. Rd7 Kb6 24. Kd2 Kb7 25. Rd8 Ree7 26. a4 Rc8 27. R8d7+ Rc7 28. Rd8 Rc8 29. R8d7+ 1/2-1/2

[Event "71. C.to Provinciale VE"]
[Site "Mestre Capablanca ITA"]
[Date "2011.11.16"]
[Round "4.7"]
[White "Gaion, Giancarlo"]
[Black "Visentin, Ruggero"]
[Result "1/2-1/2"]
[WhiteElo "1914"]
[BlackElo "1634"]
[Annotator "Gabriele Ballarin"]
[PlyCount "78"]
[EventDate "2011.01.14"]
[EventType "swiss"]
[EventRounds "5"]
[EventCountry "ITA"]

1. Nf3 c5 2. e3 d5 3. d4 Nc6 4. Nbd2 Bg4 5. c3 a6 6. Bd3 Qc7 7. O-O f6 8. h3 Bh5 9. Qc2 e5 10. e4 c4 11. Be2 dxe4 12. Qxe4 Bg6 13. Qe3 b5 14. a4 Rb8 15. axb5 axb5 16. Rd1 Nge7 17. dxe5 Nxe5 18. Ra7 Nxf3+ 19. Nxf3 Qb6 20. Rdd7 Qxe3 21. Bxe3 Bf5 22. Rdb7 Rxb7 23. Rxb7 Bd7 24. Nd4 b4 25. Bxc4 bxc3 26. bxc3 Nc8 27. Bb5 Bxb5 28. Nxb5 Be7 29. c4 Kf7 30. c5 Rd8 31. Nd6+ Ke6 32. Ne4 g5 33. g4 h6 34. Ng3 Rd5 35. Rc7 Rd8 36. Nf5 Bf8 37. Rc6+ Kd5 38. Rxf6 Bxc5 39. Bxc5 Kxc5 1/2-1/2

[Event "71. C.to Provinciale VE"]
[Site "Mestre Capablanca ITA"]
[Date "2011.11.16"]
[Round "4.8"]
[White "Loris, Stefano"]
[Black "Stradiotto, Angelo"]
[Result "1-0"]
[WhiteElo "1694"]
[BlackElo "1473"]
[Annotator "Gabriele Ballarin"]
[PlyCount "137"]
[EventDate "2011.01.14"]
[EventType "swiss"]
[EventRounds "5"]
[EventCountry "ITA"]

1. d4 d5 2. c4 c6 3. Nc3 Nf6 4. Bf4 Qb6 5. Qd2 Bf5 6. e3 e6 7. c5 Qa5 8. a3 Be7 9. h3 O-O 10. Nf3 Nbd7 11. Be2 Qd8 12. Nh4 Ne4 13. Nxe4 Bxh4 14. Nd6 b6 15. b4 Bf6 16. O-O bxc5 17. bxc5 Bg6 18. Ra2 e5 19. Bg3 Rb8 20. Bg4 Nb6 21. Bxe5 Bxe5 22. dxe5 Nc4 23. Qd4 Nxd6 24. exd6 f5 25. Be2 Qa5 26. Rfa1 Rfe8 27. Bd3 Rb3 28. g3 Rc3 29. Qb4 Qxc5 30. Qxc5 Rxc5 31. Rc2 Rxc2 32. Bxc2 Rb8 33. d7 Kf7 34. Ba4 c5 35. Rd1 Ke6 36. Bc6 c4 37. Bxd5+ Kxd7 38. Bxc4+ Kc6 39. a4 Be8 40. Bb5+ Kc7 41. Rc1+ Kb6 42. Rb1 Ka5 43. Ra1 a6 44. Bd3 g6 45. Kg2 Bc6+ 46. Kf1 Rb2 47. Bc4 Bxa4 48. Bxa6 Kb4 49. Bb7 Bb3 50. Ra8 Bc4+ 51. Kg2 Kc5 52. g4 Rxb7 53. gxf5 Bd5+ 54. Kg3 gxf5 55. Rc8+ Bc6 56. Kf4 Kd5 57. f3 Rb4+ 58. Kg3 h5 59. Rh8 h4+ 60. Rxh4 Rxh4 61. Kxh4 Ke6 62. f4 Kf6 63. Kg3 Kg6 64. h4 Kh5 65. Kh3 Bf3 66. Kg3 Bg4 67. Kf2 Kxh4 68. Ke1 Kg3 69. Kd2 1-0

[Event "71. C.to Provinciale VE"]
[Site "Mestre Capablanca ITA"]
[Date "2011.11.16"]
[Round "4.9"]
[White "Pomponio, Stefano"]
[Black "Civitareale, Alberto"]
[Result "1/2-1/2"]
[WhiteElo "1525"]
[BlackElo "1619"]
[Annotator "Gabriele Ballarin"]
[PlyCount "60"]
[EventDate "2011.01.14"]
[EventType "swiss"]
[EventRounds "5"]
[EventCountry "ITA"]

1. e4 e5 2. Nc3 Nf6 3. Bc4 Bc5 4. Nf3 Nc6 5. O-O O-O 6. Re1 d6 7. h3 a6 8. a3 b5 9. Bb3 Bb7 10. d3 h6 11. Nd5 Nd4 12. Nxd4 Bxd4 13. Be3 Bxb2 14. Ra2 Nxd5 15. exd5 Bc3 16. Bd2 Bxd2 17. Qxd2 a5 18. c4 a4 19. Bc2 bxc4 20. dxc4 Bc8 21. Rb2 Bd7 22. Reb1 Qe7 23. Rb7 Bc8 24. Rb8 Rxb8 25. Rxb8 Bd7 26. Qb4 Qg5 27. Bh7+ Kxh7 28. Rxf8 Qc1+ 29. Kh2 Qf4+ 30. Kg1 Qc1+ 1/2-1/2